Litván György Jászi Oszkár című könyve forrásainak bemutatása a Polányi Társaság 2004. március 13-án megrendezett műhelyvitáján/

Elmentve itt :
Bibliográfiai részletek
Adatforrás:Philobibl
Forrásdokumentuma:Polanyiana
13.2004:1-2. 143-157. p.
Dokumentumtípus: Cikk
Nyelv:magyar
Kulcsszavak:Jászi Oszkár
Polányi Társaság
Megjelent: 2004
LEADER 00437nab a2200121 c 4500
001 bibPHI0029104
005 20200924122425.5
008 061121s2004 xx 00010 hun
245 0 0 |a Litván György Jászi Oszkár című könyve forrásainak bemutatása a Polányi Társaság 2004. március 13-án megrendezett műhelyvitáján/ 
260 |c 2004 
695 |a Jászi Oszkár 
695 |a Polányi Társaság 
773 0 |t Polanyiana  |g 13.2004:1-2. 143-157. p.